000 00483nam a22001457a 4500
027 _qHard Cover.
040 _cSINES-NUST.
082 _a004
_bFIR
100 _aKiran Firdous.
_9110302
245 _aHuman Stress Classification Using Electroencephalogram (EEG) in Response to Stand Up Comedy Clips /
_cFirdous, Kiran
260 _aIslamabad:
_bSINES-NUST,
_cMarch-2023
300 _a67 p. :
_bill. ;
_c35cm.
650 _xMS-Computational Science and Engineering.
942 _2ddc
_cTHE
999 _c593741
_d593741